All F1 World Champions 1950-2020 - Statistics

General Stats
  • This quiz has been taken 1,228 times
    131 since last reset
  • The average score is 67 of 76
Answer Stats
Year Driver % Correct
2020 Lewis Hamilton
100%
2019 Lewis Hamilton
100%
2018 Lewis Hamilton
100%
2017 Lewis Hamilton
100%
2015 Lewis Hamilton
100%
2014 Lewis Hamilton
100%
2008 Lewis Hamilton
100%
2024 Max Verstappen
100%
2023 Max Verstappen
100%
2022 Max Verstappen
100%
2021 Max Verstappen
100%
2004 Michael Schumacher
99%
2003 Michael Schumacher
99%
2002 Michael Schumacher
99%
2001 Michael Schumacher
99%
2000 Michael Schumacher
99%
1995 Michael Schumacher
99%
1994 Michael Schumacher
99%
1991 Ayrton Senna
98%
1990 Ayrton Senna
98%
1988 Ayrton Senna
98%
2013 Sebastian Vettel
98%
2012 Sebastian Vettel
98%
2011 Sebastian Vettel
98%
2010 Sebastian Vettel
98%
2006 Fernando Alonso
97%
2005 Fernando Alonso
97%
2007 Kimi Raikkonen
97%
2025 Lando Norris
97%
2016 Nico Rosberg
97%
2009 Jenson Button
95%
1993 Alain Prost
94%
1989 Alain Prost
94%
1986 Alain Prost
94%
1985 Alain Prost
94%
1982 Keke Rosberg
94%
1984 Niki Lauda
92%
1977 Niki Lauda
92%
1975 Niki Lauda
92%
1999 Mika Hakkinen
91%
1998 Mika Hakkinen
91%
1996 Damon Hill
88%
1968 Graham Hill
88%
1962 Graham Hill
88%
1957 Juan Manuel Fangio
88%
1956 Juan Manuel Fangio
88%
1955 Juan Manuel Fangio
88%
1954 Juan Manuel Fangio
88%
1951 Juan Manuel Fangio
88%
1961 Phil Hill
87%
1997 Jacques Villeneuve
83%
1992 Nigel Mansell
83%
1973 Jackie Stewart
81%
1971 Jackie Stewart
81%
1969 Jackie Stewart
81%
1987 Nelson Piquet
81%
1983 Nelson Piquet
81%
1981 Nelson Piquet
81%
1950 Nino Farina
80%
1953 Alberto Ascari
79%
1952 Alberto Ascari
79%
1976 James Hunt
78%
1974 Emerson Fittipaldi
77%
1972 Emerson Fittipaldi
77%
1965 Jim Clark
72%
1963 Jim Clark
72%
1966 Jack Brabham
71%
1960 Jack Brabham
71%
1959 Jack Brabham
71%
1978 Mario Andretti
71%
1980 Alan Jones
64%
1979 Jody Scheckter
63%
1970 Jochen Rindt
62%
1958 Mike Hawthorn
62%
1964 John Surtees
60%
1967 Denny Hulme
58%
No matching quizzes found
Score Distribution
Percent of People with Each Score
Percentile by Number Answered
Your Score History
You have not taken this quiz since the last reset